Switch on, switch off : (Record no. 9327)
[ view plain ]
| 000 -LEADER | |
|---|---|
| fixed length control field | 01063nam a22002897a 4500 |
| 001 - CONTROL NUMBER | |
| control field | 9327 |
| 003 - CONTROL NUMBER IDENTIFIER | |
| control field | FISKH |
| 005 - DATE AND TIME OF LATEST TRANSACTION | |
| control field | 20251211084503.0 |
| 008 - FIXED-LENGTH DATA ELEMENTS--GENERAL INFORMATION | |
| fixed length control field | 251211b cb ||||| |||| 00| 0 eng d |
| 020 ## - INTERNATIONAL STANDARD BOOK NUMBER | |
| International Standard Book Number | 9780064450973 |
| 040 ## - CATALOGING SOURCE | |
| Original cataloging agency | FISKH |
| Language of cataloging | eng |
| Transcribing agency | FISKH |
| Modifying agency | FISKH |
| 050 ## - LIBRARY OF CONGRESS CALL NUMBER | |
| Classification number | QC527 .B47 |
| 082 ## - DEWEY DECIMAL CLASSIFICATION NUMBER | |
| Classification number | 537 |
| 100 ## - MAIN ENTRY--PERSONAL NAME | |
| Personal name | Berger, Melvin |
| Relator term | Author |
| 245 ## - TITLE STATEMENT | |
| Title | Switch on, switch off : |
| Remainder of title | Let's-read-and-find-out science 2 / |
| Statement of responsibility, etc. | by Melvin Berger ; Illustrated by Carolyn Croll |
| 260 ## - PUBLICATION, DISTRIBUTION, ETC. | |
| Place of publication, distribution, etc. | Washington : |
| Name of publisher, distributor, etc. | HarperCollins Publisher , |
| Date of publication, distribution, etc. | 1989 |
| 300 ## - PHYSICAL DESCRIPTION | |
| Extent | 32 pages : |
| Other physical details | color illustrations ; |
| Dimensions | 21 x 26 cm |
| 505 ## - FORMATTED CONTENTS NOTE | |
| Formatted contents note | N<br/> |
| 520 ## - SUMMARY, ETC. | |
| Summary, etc. | Explains how electricity is produced and transmitted, how to create electricity using an electrical wire and a magnet, how generators supply electricity for cities, and how electricity works in homes. |
| 521 8# - TARGET AUDIENCE NOTE | |
| Target audience note | 570<br/> |
| Source | Lexile<br/> |
| 521 8# - TARGET AUDIENCE NOTE | |
| Target audience note | N<br/> |
| Source | Raz-Plus<br/> |
| 650 ## - SUBJECT ADDED ENTRY--TOPICAL TERM | |
| Topical term or geographic name entry element | Let's read and find out |
| Form subdivision | Electricity |
| 650 ## - SUBJECT ADDED ENTRY--TOPICAL TERM | |
| Topical term or geographic name entry element | Picture book |
| Form subdivision | Science |
| 700 ## - ADDED ENTRY--PERSONAL NAME | |
| Personal name | Croll, Carolyn |
| Relator term | Illustrator |
| 942 ## - ADDED ENTRY ELEMENTS (KOHA) | |
| Source of classification or shelving scheme | Dewey Decimal Classification |
| Koha item type | Books |
| Suppress in OPAC | No |
| Withdrawn status | Lost status | Source of classification or shelving scheme | Damaged status | Not for loan | Collection | Home library | Current library | Shelving location | Date acquired | Total Checkouts | Full call number | Barcode | Date last seen | Copy number | Price effective from | Koha item type |
|---|---|---|---|---|---|---|---|---|---|---|---|---|---|---|---|---|
| Dewey Decimal Classification | Non-Fiction | Footprints International School Library Network Toul Tom Poung Campus | Footprints International School Library Network Toul Tom Poung Campus | TTP Primary Yellow Bookshelves | 12/11/2025 | BER 537 QC527 .B47 | FIS02038 | 12/11/2025 | 1 | 12/11/2025 | Books |
